000 01244 a2200241 4500
003 Nust
005 20220812112434.0
020 _a1-55860-735-8 (pbk.) :
035 _a(Uk)013085911
040 _cNust
082 0 4 _a621.3815,AGA
100 1 _aAgarwal, Anant
_996968
245 1 0 _aFoundations of analog and digital electronic design /
_cAnant Agarwal, Jeffrey H. Lang.
260 _aSan Francisco, Calif. :
_bMorgan Kaufmann,
_c2005.
300 _a984 s. :
_bill.
440 0 _aMorgan Kaufmann series in computer architecture and design
_917970
505 _aThe circuit abstraction (Page-3), Resistive networks (Page-53), Network Theorems (Page-119), The digital abstraction (Page-243), The Mosfet switch (Page-285), The mosfet amplifier (Page-331), The Small -signal model (Page-405), Energy storage elements (Page-457), First-order transients in linear electrical (Page-503), Transients in second order circuits (Page-625) Sinusoidal steady state impedance and frequency response (Page-703), Sinusoidal steady state resonance (Page-77), Diodes (Page-905).
650 0 _aElectronic circuit design.
650 0 _aElectronic circuits
650 0 _aElektroniska kretsar
_996969
700 1 _aLang, Jeffrey.
_996970
942 _cREF
_2ddc
999 _c215057
_d215057